Polskie stacje kolejowe mające w nazwie "Wschód/Wschodni*" - Statystyki

Ogólne statystyki
  • Ten quiz został rozwiązany 133 razy
  • Średni wynik to 9 z 25
Statystyki odpowiedzi
Hint Odpowiedź % Poprawnych
MZ Warszawa Wschodnia
98%
WP Poznań Wschód
76%
OP Opole Wschodnie
69%
KP Bydgoszcz Wschód
65%
KP Toruń Wschodni
61%
LB Gorzów Wielkopolski Wschodni
38%
PK Przemyśl Wschodni
38%
LU Zamość Wschód
35%
SL Bielsko-Biała Wschód
34%
WM Ełk Szyba Wschód
31%
MZ Siedlce Wschodnie
29%
LD Łódź Radogoszcz Wschód
27%
OP Nysa Wschodnia
27%
MZ Czachówek Wschodni
26%
SL Dąbrowa Górnicza Wschodnia
26%
LD Łódź Olechów Wschód
24%
SW Starachowice Wschodnie
24%
LU Świdnik Wschód
23%
PO Żukowo Wschodnie
21%
ZP Koszalin Wschodni
20%
WM Pisz Wschodni
20%
DS Boguszów-Gorce Wschód
18%
PK Dębica Wschodnia
14%
DS Wrocław Wojnów Wschodni
11%
PK Sędziszów Małopolski Wschodni
8%
Nie znaleziono quizów pasujących do podanych kryteriów
Rozkład punktacji
Procent ludzi z każdym wynikiem
Percentyl według liczby udzielonych odpowiedzi
Twoja historia wyników
Nie rozwiązałeś tego quizu